The university within, of and for the city: Reflections on the entanglement of academic practice and the local (Record no. 529077)

000 -LEADER
fixed length control field 01674nam a22001457a 4500
008 - FIXED-LENGTH DATA ELEMENTS--GENERAL INFORMATION
fixed length control field 250219b ||||| |||| 00| 0 eng d
100 ## - MAIN ENTRY--PERSONAL NAME
Personal name Stockmann, Nils
245 ## - TITLE STATEMENT
Title The university within, of and for the city: Reflections on the entanglement of academic practice and the local
260 ## - PUBLICATION, DISTRIBUTION, ETC. (IMPRINT)
Place of publication, distribution, etc Local Government Studies
300 ## - PHYSICAL DESCRIPTION
Extent 50(6), Dec, 2024: p.1018-1027
520 ## - SUMMARY, ETC.
Summary, etc Historically, universities have become defining elements in many (European) cities. Cities such as Oxford or Berkeley are publicly known because they are home to globally renowned academic institutions, which are considered ‘brands’ of the city. In this reflexive essay, I approach the university-city entanglement beyond the apparent role of academic institutions as economic and marketing factors for cities. Particularly, I reflect on the normative and scientific-practical implications of doing research ‘within’ a certain local. How may this positionality affect research practice, when academic work is conceived as property of the local? How can researchers reflexively engage with the local and maybe even contribute to solving local and global challenges? Rather than providing conclusive answers to these questions, this piece aims to stir up a debate among local government and governance scholars. I conclude that the ‘local’ of academic practice deserves far more attention as a category of reflexive research.- Reproduced

https://www.tandfonline.com/doi/full/10.1080/03003930.2024.2407008#abstract
650 ## - SUBJECT ADDED ENTRY--TOPICAL TERM
Topical term or geographic name as entry element Universities, Knowledge, Reflexivity, Cities, Higher education policy.
9 (RLIN) 50736
773 ## - HOST ITEM ENTRY
Main entry heading Local Government Studies
942 ## - ADDED ENTRY ELEMENTS (KOHA)
Item type Articles
Holdings
Withdrawn status Lost status Source of classification or shelving scheme Damaged status Not for loan Permanent location Current location Date acquired Serial Enumeration / chronology Barcode Date last seen Koha item type
          Indian Institute of Public Administration Indian Institute of Public Administration 2025-02-19 50(6), Dec, 2024: p.1018-1027 AR135230 2025-02-19 Articles

Powered by Koha